00574nam a2200157 i 4500001000700000003000900007005001700016008004100033100003700074245007800111260006500189300002100254500009300275650002400368852002400392185069ES-MaACL20250911063608.0160317s1919 pl |||| | fre d1 aKutrzeba, Stanislaw, d1876-194613aLa question juive en Pologne b: essai historique / cStanislaw Kutrzeba. aCracovie : b[s.n.], c1919 (fImprimerie de l'Université) a58 p. ; c22 cm. aEn port.: Publications du bureau des travaux préliminaires pour le Congrès de Paris. 4aJudíos-zPolonia. aES-MaACLj1715-F-14